Devine le Film par Image #1 - Statistiques

Statistiques générales
  • Ce quiz a été pris 346 fois
  • Le résultat moyen est 6 sur 17
Statistiques - réponses
Par images Réponse % Correct
Le dîner de cons
76%
Dune
74%
Qu’est ce que qu’on a fait au bon dieu ?
61%
OSS 117
54%
Wall-E
52%
La chèvre
41%
Porco Rosso
31%
Harry Potter et le Prince de Sang-mêlé
29%
Shutter Island
29%
Le 5e élément
22%
Spider-Man : Across The Spiderverse
20%
Les 10 Commandements
18%
La 7e compagnie
16%
Les Ripoux
12%
Goldfinger
9%
Le Cerveau
6%
Les Derniers Jedi
5%
Aucun quiz correspondant
Distribution des résultats
% des personnes avec chaque résultat
Percentile par nombre de réponses
Votre historique - résultats
Vous n’avez pas pris ce quiz